Entraînement JKLM Popsauce - Statistiques

Statistiques générales
  • Ce quiz a été pris 221 fois
  • Le résultat moyen est 15 sur 29
Statistiques - réponses
Par images Hint Réponse % Correct
Patate
97%
Licence GTA
88%
Série Breaking Bad
87%
Licence Harry Potter
77%
Licence Mario Kart
77%
Jeu Minecraft
74%
Anime Demon Slayer
71%
Pays Afrique du Sud
70%
Personnage Luffy
70%
Entreprise NordVPN
68%
Type de serpent Cobra
65%
Film Le Labyrinthe
65%
Chanteur Renaud
63%
Monument La Grande Muraille de Chine
61%
Rappeur Naza
57%
Personnage Erwin
53%
Pokemon Rayquaza
50%
Personnage Tracer
39%
Anime Inazuma Eleven
37%
Licence MGS
35%
Chanteuse Lisa
32%
Monument Fontaine de Trevi
31%
Rappeur Ademo
30%
Footballeur Djibril Cisse
29%
Jeu Pokemon Donjon Mystere
21%
Film Le Chateau dans le Ciel
20%
Film Comment c'est loin
14%
Acteur Wentworth Miller
14%
ONG Handicap International
12%
Aucun quiz correspondant
Distribution des résultats
% des personnes avec chaque résultat
Percentile par nombre de réponses
Votre historique - résultats
Vous n’avez pas pris ce quiz